3401-広島電鉄の駅 - Statistics

General Stats
  • This quiz has been taken 204 times
    4 since last reset
  • The average score is 65 of 86
Answer Stats
本線 % Correct
広島駅
100%
胡町
100%
八丁堀
100%
紙屋町
100%
原爆ドーム前
100%
紙屋町
100%
八丁堀
100%
稲荷町
75%
銀山町
75%
立町
75%
本川町
75%
十日市町
75%
小網町
75%
観音町
75%
西観音町
75%
福島町
75%
広電西広島(己斐)
75%
袋町
75%
中電前
75%
鷹野橋
75%
日赤病院前
75%
広電本社前
75%
御幸橋
75%
皆実町六丁目
75%
広大附属学校前
75%
宇品二丁目
75%
宇品三丁目
75%
宇品四丁目
75%
宇品五丁目
75%
海岸通
75%
元宇品口
75%
広島港(宇品)
75%
舟入町
75%
舟入本町
75%
舟入幸町
75%
舟入川口町
75%
舟入南
75%
江波
75%
十日市町
75%
寺町
75%
別院前
75%
横川一丁目
75%
横川駅
75%
稲荷町
75%
松川町
75%
比治山下
75%
比治山橋
75%
南区役所前
75%
皆実町二丁目
75%
皆実町六丁目
75%
女学院前
75%
縮景園前
75%
家庭裁判所前
75%
白島
75%
広電西広島(己斐)
75%
東高須
75%
高須
75%
古江
75%
草津
75%
草津南
75%
商工センター入口
75%
井口
75%
修大協創中高前
75%
広電五日市
75%
佐伯区役所前
75%
楽々園
75%
山陽女学園前
75%
広電廿日市
75%
廿日市市役所前(平良)
75%
宮内
75%
JA広島病院前
75%
地御前
75%
阿品東
75%
広電阿品
75%
宮島ボートレース場
75%
広電宮島口
75%
稲荷町
75%
的場町
75%
段原一丁目
75%
比治山下
75%
土橋
50%
天満町
50%
本通
50%
市役所前
50%
県病院前
50%
土橋
50%
No matching quizzes found
Score Distribution
Percent of People with Each Score
Percentile by Number Answered
Your Score History
You have not taken this quiz since the last reset